| 000 | 01088nam a22002657a 4500 | ||
|---|---|---|---|
| 999 |
_c64334 _d64334 |
||
| 005 | 20240530110726.0 | ||
| 008 | 180422s2013 ua ah g b 001 0dara d | ||
| 017 |
_a2013/11552 _bمصر. دار الكتب |
||
| 020 | _a9789774484032 | ||
| 040 |
_aEG-CaGPL _cEG-CaGPL |
||
| 082 | 0 | 4 |
_221 _a408.2 / _bأ م |
| 100 | 0 | _aاحمد عتمان | |
| 245 | 1 | 2 |
_aالمنجز العربى الاسلامى فى الترجمة وحوار الثقافات من بغداد الى طليطلة / _cاحمد عتمان |
| 260 |
_aالقاهرة : _bالهيئة المصرية العامة للكتاب ، _c2013. |
||
| 300 |
_a570 +11 ص. : _bايض ؛ _c24 سم. |
||
| 504 | _aيشتمل على ارجاعات ببليوجرافية | ||
| 650 | 0 | 7 |
_2qrmak _aالترجمة |
| 650 | 0 | 7 |
_2qrmak _aالترجمة العلمية |
| 650 | 0 | 7 |
_2qrmak _aمكتبة الاسكندرية _xالترجمة |
| 650 | 0 | 7 |
_2qrmak _aالفرس _xالترجمة |
| 650 | 0 | 7 |
_2qrmak _aالترجمة _xتاريخ ونقد |
| 651 | _2qrmak | ||
| 942 |
_2ddc _cBK |
||